000 01577nam a22003137a 4500
005 2012080606566.0
008 120806t xxu||||| |||| 00| 0 eng d
010 _aENG-105504
020 _a9788180696862
_c500.00
020 _a8180696863
_c500.00
035 _aEN-89037
037 _bDBAD/PUB
082 _a305.5680954127
245 0 0 _aTribal movements in Jharkhand, 1857-2007 /
_cedited by Asha Mishra [AND] Chittaranjan Kumar Paty
260 _aNew Delhi
_bConcept Publishing
_c2010.
270 _aA/15-16, Commercial Block, Mohan Garden
_bNew Delhi
_e110059
300 _a208 p.
_c22cm(Hb)
500 _aIncludes bibliographical references and index.
520 _aContributed articles presented at the National Conference organized by Department of History, Mahila College, Chaibasa on 7-8 March, 2008 sponsored by UGC Eastern Regional Office, Kolkata.
651 0 _aJharkhand (India)
_xHistory
_xAutonomy and independence movements
_vCongresses.
_950781
651 0 _aJharkhand (India)
_xScheduled tribes
_xPolitics and government
_vCongresses.
_950782
700 1 _aMishra, Asha.
_950783
700 1 _aPaty, Chittaranjan Kumar.
_950784
710 2 _aMahila College, Chaibasa.
_950785
710 1 _aIndia.
_bUniversity Grants Commission.
_bEastern Regional Office.
_950786
942 _2ddc
_cEN
_h305.5680954127
_mTRI
999 _c68880
_d68880